000 00933nam a22003251 4500
001 001127839
003 DO-SdBNP
005 20180201112938.0
007 001127839
008 920725s1972 sp spa
016 7 _a
_z
017 _a
_b
035 _a(OCoLC)432563368
040 _aBPMSU
_bspa
_cBPMSU
041 1 _aspa
080 0 _a
100 1 _aMac Kellar, William
240 1 0 _aMystery of Mordac castle
_lEspañol
245 1 3 _aEl misterio del Castillo Mordach /
_cWilliam Mac Kellar ; ilustrado por Gema Sales ;traducción de Mariano y Rafael Orta]
_h
260 _aBarcelona :
_bToray,
_c1972.
300 _a142 p. :
_b il. ;
_c21 cm.
490 1 _aJóvenes Audaces
_v 5
700 1 2 _aSales, Gemma,
_d1945-
_eil.
700 1 2 _aOrta Manzano, Mariano,
_etr.
700 1 _a
830 0 _pJóvenes Audaces
_v5
942 _2ddc
_cBK
945 _aInventariado, 2018 /LP
956 _aVMATEO
_b10
999 _c9413
_d9413